[Event "Chess24 Banter Blitz Cup"]
[Site "chess24.com INT"]
[Date "2020.04.05"]
[Round "5.8"]
[White "Meier, Georg"]
[Black "Firouzja, Alireza"]
[Result "0-1"]
[WhiteTitle "GM"]
[BlackTitle "GM"]
[WhiteElo "2628"]
[BlackElo "2702"]
[WhiteFideId "4675789"]
[BlackFideId "12573981"]
[EventDate "2019.09.25"]

1. Nf3 d5 2. g3 Nf6 3. Bg2 e6 4. O-O Be7 5. c4 O-O 6. d4 dxc4 7. Qc2 a6 8. Qxc4
b5 9. Qc2 Bb7 10. Bg5 Nbd7 11. Bxf6 Nxf6 12. Nbd2 Rc8 13. Nb3 Be4 14. Qc3 Nd5
15. Qd2 c5 16. dxc5 Bxc5 17. Nxc5 Rxc5 18. Rac1 Rxc1 19. Rxc1 Nf6 20. Qxd8 Rxd8
21. Ne5 Bxg2 22. Kxg2 h6 23. Nd3 Rd6 24. Rc8+ Kh7 25. Rc7 Kg8 26. b3 Nd5 27.
Rc8+ Kh7 28. a3 f6 29. Nc5 a5 30. Nb7 Ra6 31. e4 Ne7 32. Rc5 a4 33. b4 Rb6 34.
Rc7 Nc6 35. Nc5 Ne5 36. f4 Nc4 37. Nd7 Rd6 38. Nxf6+ Kg6 39. Ne8 Rd2+ 40. Kh3 h5
41. Rxg7+ Kh6 42. Re7 Nxa3 43. Rxe6+ Kh7 44. f5 Nc4 45. Re7+ Kg8 46. Nf6+ Kf8
47. Ra7 Ne5 48. Kh4 Rxh2+ 49. Kg5 Nf7+ 50. Kf4 Rf2+ 51. Ke3 Rf1 52. Nd7+ Ke8 53.
Nf6+ Kf8 54. Nd7+ Kg8 55. Nf6+ Kg7 56. Ne8+ Kf8 57. Nf6 Ne5 58. Kd4 Nc6+ 59. Ke3
Nxa7 60. Nd7+ Ke7 61. Nc5 Nc6 62. Nd3 Rb1 0-1

[Event "Chess24 Banter Blitz Cup"]
[Site "chess24.com INT"]
[Date "2020.04.05"]
[Round "5.9"]
[White "Firouzja, Alireza"]
[Black "Meier, Georg"]
[Result "0-1"]
[WhiteTitle "GM"]
[BlackTitle "GM"]
[WhiteElo "2702"]
[BlackElo "2628"]
[WhiteFideId "12573981"]
[BlackFideId "4675789"]
[EventDate "2019.09.25"]

1. c4 b6 2. Nc3 Bb7 3. d4 e6 4. Nf3 Bb4 5. Bd2 Nf6 6. Rc1 O-O 7. g3 Bxc3 8. Bxc3
Ne4 9. Qc2 Nxc3 10. Qxc3 d6 11. Bg2 Nd7 12. O-O Qe7 13. Rfd1 a5 14. b3 h6 15. e3
Rfe8 16. a3 Nf6 17. Qb2 Be4 18. Ne1 Bxg2 19. Nxg2 e5 20. d5 Ne4 21. f3 Ng5 22.
Ne1 Qf6 23. Kg2 Qf5 24. Qe2 Qh3+ 25. Kg1 Re7 26. Qf1 Qh5 27. h4 Nh7 28. Qh3 f5
29. Kg2 Nf6 30. Rd2 e4 31. f4 Ng4 32. Rc3 g5 33. Nc2 gxf4 34. gxf4 Kh7 35. Kf1
Rg8 36. Nd4 Reg7 37. Ne6 Rg6 38. Re2 Nf6 39. Ke1 Rg1+ 40. Kd2 R8g3 41. Qh2 Ng4 0-1

[Event "Chess24 Banter Blitz Cup"]
[Site "chess24.com INT"]
[Date "2020.04.05"]
[Round "5.10"]
[White "Meier, Georg"]
[Black "Firouzja, Alireza"]
[Result "0-1"]
[WhiteTitle "GM"]
[BlackTitle "GM"]
[WhiteElo "2628"]
[BlackElo "2702"]
[WhiteFideId "4675789"]
[BlackFideId "12573981"]
[EventDate "2019.09.25"]

1. Nf3 d5 2. g3 Nf6 3. Bg2 c5 4. O-O e6 5. b3 Nc6 6. Bb2 Bd6 7. d4 cxd4 8. Nxd4
O-O 9. c4 e5 10. Nxc6 bxc6 11. cxd5 Nxd5 12. Nd2 Re8 13. Rc1 Bb7 14. Nc4 Bc7 15.
Qd2 Qe7 16. Na5 Bxa5 17. Qxa5 e4 18. Rfd1 h5 19. Qc5 Qg5 20. Qd4 Qg6 21. e3 h4
22. Bh3 Rad8 23. Qxa7 Bc8 24. Bf1 Bg4 25. Rd2 Bf3 26. Qd4 Re6 27. b4 hxg3 28.
fxg3 Qg5 29. Rc5 Ra8 30. b5 Qxe3+ 31. Qxe3 Nxe3 32. bxc6 Nxf1 33. Kxf1 e3 34.
Rdc2 Rd8 35. Rc1 Rd1+ 36. Rxd1 e2+ 0-1

[Event "Chess24 Banter Blitz Cup"]
[Site "chess24.com INT"]
[Date "2020.04.05"]
[Round "5.11"]
[White "Firouzja, Alireza"]
[Black "Meier, Georg"]
[Result "1-0"]
[WhiteTitle "GM"]
[BlackTitle "GM"]
[WhiteElo "2702"]
[BlackElo "2628"]
[WhiteFideId "12573981"]
[BlackFideId "4675789"]
[EventDate "2019.09.25"]

1. c4 b6 2. Nc3 Bb7 3. Nf3 e6 4. g3 Bxf3 5. exf3 c5 6. d4 Nc6 7. d5 Nd4 8. Bg2
g6 9. O-O Bg7 10. f4 Nh6 11. Be3 Nhf5 12. Bxd4 Nxd4 13. dxe6 dxe6 14. Qa4+ Ke7
15. Rad1 a6 16. Rfe1 Ra7 17. b4 Re8 18. bxc5 bxc5 19. Ne4 Qc7 20. Rb1 Rd8 21.
Red1 Kf8 22. Kf1 h6 23. Qa3 Rc8 24. Qa4 Kg8 25. Rd3 Rb7 26. Rxb7 Qxb7 27. Nf6+ 1-0

[Event "Chess24 Banter Blitz Cup"]
[Site "chess24.com INT"]
[Date "2020.04.06"]
[Round "5.1"]
[White "Narayanan, S.L."]
[Black "Iturrizaga Bonelli, Eduardo"]
[Result "1/2-1/2"]
[WhiteTitle "GM"]
[BlackTitle "GM"]
[WhiteElo "2611"]
[BlackElo "2629"]
[WhiteFideId "5058422"]
[BlackFideId "3901211"]
[EventDate "2019.09.25"]

1. e4 c6 2. d4 d5 3. e5 Bf5 4. Nf3 e6 5. Be2 c5 6. Be3 Qb6 7. Nc3 c4 8. Rb1 Qd8
9. O-O Bb4 10. a3 Bxc3 11. bxc3 b6 12. h3 h6 13. Nd2 Qd7 14. g4 Bh7 15. f4 Ne7
16. Kg2 Nbc6 17. Bf3 O-O-O 18. a4 Na5 19. Rb5 Nec6 20. Rf2 Kc7 21. Nf1 a6 22.
Rb1 h5 23. Ng3 hxg4 24. hxg4 Ne7 25. Ra1 Bg6 26. Qc1 Rh4 27. Qa3 Rdh8 28. Rh1
Rxh1 29. Nxh1 Be4 30. Ng3 Bxf3+ 31. Rxf3 g6 32. Bc1 Rh4 33. f5 Rxg4 34. fxe6
fxe6 35. Rf7 Rxg3+ 36. Kxg3 Nf5+ 37. Rxf5 gxf5 38. Bg5 Kb7 39. Qf8 Ka7 40. Kf4
Nb7 41. Be7 a5 42. Bd6 Nd8 43. Be7 Nc6 44. Bd6 Kb7 45. Qg8 Nd8 46. Qf8 Nc6 47.
Qg8 Qd8 48. Qxe6 Qh4+ 49. Kxf5 Qh3+ 50. Kf6 Qh6+ 51. Kf5 Qh3+ 52. Kf6 Qh6+ 53.
Kf5 Qh3+ 1/2-1/2

[Event "Chess24 Banter Blitz Cup"]
[Site "chess24.com INT"]
[Date "2020.04.06"]
[Round "5.3"]
[White "Narayanan, S.L."]
[Black "Iturrizaga Bonelli, Eduardo"]
[Result "1-0"]
[WhiteTitle "GM"]
[BlackTitle "GM"]
[WhiteElo "2611"]
[BlackElo "2629"]
[WhiteFideId "5058422"]
[BlackFideId "3901211"]
[EventDate "2019.09.25"]

1. d4 Nf6 2. c4 e6 3. Nf3 d5 4. g3 g6 5. Bg2 Bg7 6. O-O O-O 7. Nc3 b6 8. Bf4 Bb7
9. cxd5 Nxd5 10. Nxd5 Bxd5 11. Rc1 c5 12. dxc5 Bxb2 13. Bh6 Bg7 14. Bxg7 Kxg7
15. Ne5 Bxg2 16. Kxg2 Na6 17. Nd7 Re8 18. c6 e5 19. Qa4 Nc7 20. Rfd1 Qe7 21. h4
h5 22. Qe4 Qe6 23. Rd2 Re7 24. Rcd1 Rae8 25. Rd6 Qxa2 26. Nf6 Rc8 27. Qe3 Ne8
28. Nxh5+ Kg8 29. Qg5 Nxd6 30. Qxe7 Ne4 31. Qxe5 Qxe2 32. Qg7# 1-0

[Event "Chess24 Banter Blitz Cup"]
[Site "chess24.com INT"]
[Date "2020.04.06"]
[Round "5.4"]
[White "Iturrizaga Bonelli, Eduardo"]
[Black "Narayanan, S.L."]
[Result "0-1"]
[WhiteTitle "GM"]
[BlackTitle "GM"]
[WhiteElo "2629"]
[BlackElo "2611"]
[WhiteFideId "3901211"]
[BlackFideId "5058422"]
[EventDate "2019.09.25"]

1. c4 g6 2. Nc3 Bg7 3. d4 c5 4. d5 d6 5. e4 e6 6. Bd3 Ne7 7. Nge2 O-O 8. O-O Nd7
9. f4 exd5 10. exd5 f5 11. Be3 Nf6 12. h3 Re8 13. Qd2 a6 14. a4 Bd7 15. a5 Kh8
16. Bf2 Neg8 17. Kh2 Nh6 18. Kh1 Qc7 19. Ng1 Ne4 20. Bxe4 fxe4 21. Rfe1 Bf5 22.
g4 Bd7 23. Nxe4 Nf7 24. Nf3 b5 25. axb6 Qxb6 26. Neg5 Nxg5 27. Nxg5 Kg8 28.
Rxe8+ Rxe8 29. Re1 h6 30. Rxe8+ Bxe8 31. Qe2 hxg5 32. Qxe8+ Kh7 33. f5 gxf5 34.
Qh5+ Kg8 35. Qe8+ Kh7 36. gxf5 Qb3 37. Qg6+ Kg8 38. Qe8+ Kh7 39. Qg6+ Kg8 40.
Kg2 Qxc4 41. Qe6+ Kh7 42. f6 Bh6 43. Qf7+ Kh8 44. Qe8+ Kh7 45. Qe7+ Kg6 46. Qe6
Qf4 47. Bg3 Qd2+ 48. Bf2 Qf4 49. Bg3 Qxf6 50. Bxd6 c4 51. Qe8+ Qf7 52. Qe4+ Qf5
53. Qe8+ Kh7 0-1

[Event "Chess24 Banter Blitz Cup"]
[Site "chess24.com INT"]
[Date "2020.04.06"]
[Round "5.5"]
[White "Narayanan, S.L."]
[Black "Iturrizaga Bonelli, Eduardo"]
[Result "1-0"]
[WhiteTitle "GM"]
[BlackTitle "GM"]
[WhiteElo "2611"]
[BlackElo "2629"]
[WhiteFideId "5058422"]
[BlackFideId "3901211"]
[EventDate "2019.09.25"]

1. d4 Nf6 2. c4 e6 3. Nf3 b6 4. g3 Bb7 5. Bg2 Be7 6. O-O O-O 7. Re1 Na6 8. Bf4
c5 9. d5 exd5 10. Nh4 g6 11. cxd5 d6 12. Nc3 Re8 13. Nf3 Nh5 14. Bh6 Bf6 15. e4
Nc7 16. g4 Bg7 17. Bg5 Bf6 18. Be3 Ng7 19. g5 Bxc3 20. bxc3 Rxe4 21. Nd2 Re8 22.
c4 Nf5 23. Bf4 Qd7 24. Ne4 Rxe4 25. Bxe4 Nd4 26. Be3 Re8 27. Bxd4 cxd4 28. Bg2
Qf5 29. Rxe8+ Nxe8 30. Qxd4 Qxg5 31. Re1 Nf6 32. h3 Bc8 33. Re3 Bf5 34. h4 1-0

[Event "Chess24 Banter Blitz Cup"]
[Site "chess24.com INT"]
[Date "2020.04.06"]
[Round "5.7"]
[White "Narayanan, S.L."]
[Black "Iturrizaga Bonelli, Eduardo"]
[Result "1-0"]
[WhiteTitle "GM"]
[BlackTitle "GM"]
[WhiteElo "2611"]
[BlackElo "2629"]
[WhiteFideId "5058422"]
[BlackFideId "3901211"]
[EventDate "2019.09.25"]

1. d4 Nf6 2. c4 e6 3. Nf3 d5 4. Nc3 dxc4 5. e4 Bb4 6. Bxc4 Nxe4 7. O-O Nf6 8.
Qa4+ Nc6 9. Bg5 Bxc3 10. bxc3 O-O 11. Ne5 Ne7 12. Rad1 Ne4 13. Bxe7 Qxe7 14. Qc2
Nf6 15. Rfe1 Qd6 16. Rd3 Nd7 17. Rh3 g6 18. Qd2 Nxe5 19. Qh6 Nf3+ 20. gxf3 Rd8
21. Qxh7+ Kf8 22. Qh8+ Ke7 23. Qh4+ Kd7 24. Qf6 Qe7 25. Qf4 c6 26. Rh7 Rf8 27.
Bxe6+ Kd8 28. Rxf7 Rxf7 29. Qxf7 Bxe6 30. Qxe6 Qg5+ 31. Qg4 Qxg4+ 32. fxg4 Kd7
33. Kg2 Rf8 34. Kg3 a5 35. f4 b5 36. h4 b4 37. cxb4 axb4 38. Rb1 Ra8 39. f5 gxf5
40. gxf5 Rxa2 41. Rxb4 Ke7 42. Rc4 Kf6 43. Rxc6+ Kxf5 44. Rd6 Rd2 45. Rd8 Rd3+
46. Kf2 Rh3 47. Ke2 Rxh4 48. Kd3 Ke6 49. Kc4 Ke7 50. Rd5 Rh1 51. Ra5 Kd6 52.
Ra6+ Kc7 53. Kc5 Kb7 54. Rb6+ Kc7 55. Rg6 Kd7 56. Rg7+ Ke6 57. d5+ Kf5 58. Re7
Kf6 59. d6 Rc1+ 60. Kd5 Rd1+ 61. Kc6 Rc1+ 62. Kd7 Rd1 63. Re2 Kf7 64. Rf2+ Kg7
65. Kc7 Re1 66. d7 Rc1+ 67. Kd8 Rd1 68. Rf4 Rd4 69. Rxd4 1-0

[Event "Chess24 Banter Blitz Cup"]
[Site "chess24.com INT"]
[Date "2020.04.06"]
[Round "5.10"]
[White "Iturrizaga Bonelli, Eduardo"]
[Black "Narayanan, S.L."]
[Result "0-1"]
[WhiteTitle "GM"]
[BlackTitle "GM"]
[WhiteElo "2629"]
[BlackElo "2611"]
[WhiteFideId "3901211"]
[BlackFideId "5058422"]
[EventDate "2019.09.25"]

1. c4 g6 2. Nc3 c5 3. e3 Nf6 4. d4 cxd4 5. exd4 d5 6. Qb3 Bg7 7. cxd5 O-O 8. Be2
Nbd7 9. Bf3 Nb6 10. Nge2 Bg4 11. Bxg4 Nxg4 12. O-O Rc8 13. h3 Nf6 14. Nf4 Qd7
15. Re1 Rfd8 16. Bd2 Bf8 17. Re5 Nc4 18. Re2 Nxd2 19. Rxd2 Bh6 20. Nce2 Nxd5 21.
Qxd5 Qxd5 22. Nxd5 Rxd5 23. Rd3 Rc2 24. Nc3 Rf5 25. Nd1 Rb5 26. Kf1 e6 27. Rb1
Bd2 28. a3 a5 29. Rf3 a4 30. Rd3 Kf8 31. Rf3 Ke7 32. g3 Rb3 33. Rxb3 axb3 34.
Ke2 b5 35. Kd3 Bc1 36. Ne3 Bxe3 37. fxe3 f5 38. g4 Kd6 39. gxf5 gxf5 40. Rg1
Rxb2 41. Rg7 Rh2 42. Rg1 Rxh3 43. Kd2 Kd5 44. Rb1 f4 45. Rxb3 Rxe3 46. Rxb5+
Kxd4 47. Rb4+ Ke5 48. a4 Ra3 49. Ke2 Kf5 50. Kf2 e5 51. Rb7 e4 52. Rf7+ Ke5 53.
Rxh7 Ra2+ 54. Kf1 Rxa4 55. Rd7 f3 56. Kf2 Ra2+ 57. Kg3 Rg2+ 58. Kh3 Rg8 59. Re7+
Kf4 60. Kh2 f2 0-1

[Event "Chess24 Banter Blitz Cup"]
[Site "chess24.com INT"]
[Date "2020.04.06"]
[Round "5.11"]
[White "Narayanan, S.L."]
[Black "Iturrizaga Bonelli, Eduardo"]
[Result "1-0"]
[WhiteTitle "GM"]
[BlackTitle "GM"]
[WhiteElo "2611"]
[BlackElo "2629"]
[WhiteFideId "5058422"]
[BlackFideId "3901211"]
[EventDate "2019.09.25"]

1. d4 Nf6 2. c4 e6 3. Nf3 d5 4. Bg5 dxc4 5. Nc3 a6 6. e4 b5 7. e5 h6 8. Bh4 g5
9. Bg3 Nd5 10. Be2 Bb7 11. O-O Nd7 12. Nd2 Nxc3 13. bxc3 Nb6 14. Bf3 Bxf3 15.
Qxf3 Nd5 16. Ne4 Be7 17. a4 h5 18. h3 Rb8 19. axb5 axb5 20. Rfe1 Ra8 21. Nf6+
Bxf6 22. exf6 Rxa1 23. Rxa1 Kd7 24. Be5 Qb8 25. Qg3 Rg8 26. Qf3 g4 27. hxg4 hxg4
28. Qg3 b4 29. cxb4 Qxb4 30. Qh4 Qb2 31. Rf1 Qc2 32. Qh6 Qg6 33. Qc1 c3 34. Qa3
Rb8 35. Qa4+ Kd8 36. Qc6 Rb6 37. Bxc7+ Nxc7 38. Qxb6 Qxf6 39. Qd6+ Kc8 40. Ra1
g3 41. Qxg3 Qxd4 42. Rc1 Nd5 43. Qf3 Qd2 44. Rd1 Qc2 45. g3 f5 46. Re1 Qd2 47.
Rxe6 c2 48. Rc6+ Kd7 49. Rxc2 Qxc2 50. Qxd5+ Ke7 51. Kg2 Kf6 52. Qd6+ Kg5 53.
Qf4+ Kg6 54. Qd4 Qc6+ 55. Kh2 Qe6 56. Qe3 Qxe3 57. fxe3 Kg5 58. Kh3 Kh5 59. Kg2
Kg4 60. Kf2 Kh3 61. Kf3 Kh2 62. Kf4 Kh3 63. Kxf5 1-0

[Event "Chess24 Banter Blitz Cup"]
[Site "chess24.com INT"]
[Date "2020.04.06"]
[Round "5.14"]
[White "Iturrizaga Bonelli, Eduardo"]
[Black "Narayanan, S.L."]
[Result "0-1"]
[WhiteTitle "GM"]
[BlackTitle "GM"]
[WhiteElo "2629"]
[BlackElo "2611"]
[WhiteFideId "3901211"]
[BlackFideId "5058422"]
[EventDate "2019.09.25"]

1. c4 g6 2. Nc3 c5 3. e3 Bg7 4. d4 Nf6 5. d5 O-O 6. Nf3 d6 7. h3 e6 8. Bd3 e5 9.
O-O a6 10. e4 Nh5 11. Re1 Nd7 12. a4 h6 13. a5 Nf4 14. Bf1 g5 15. g3 Ng6 16. Nh2
Nf6 17. Bg2 Bd7 18. Nf1 Ne7 19. Ne3 Nh7 20. Ra3 Rb8 21. Bd2 f5 22. exf5 Nxf5 23.
Nxf5 Bxf5 24. Ne4 Qd7 25. g4 Bg6 26. Ng3 Rf7 27. Qa4 Qe7 28. Be4 Bxe4 29. Rxe4
Rbf8 30. Nf5 Qd8 31. Rb3 Nf6 32. Re2 Ne8 33. Rf3 Qc8 34. Re4 Qd8 35. b4 Nf6 36.
Re2 Nd7 37. b5 e4 38. Rfe3 Ne5 39. Rxe4 Rxf5 40. gxf5 Qd7 41. Qb3 Qxf5 42. f4
Ng6 43. Qf3 gxf4 44. Qg4 Bd4+ 45. Kf1 Qxg4 46. hxg4 f3 47. Rh2 Ne5 48. Rxh6 Nxc4
49. Rg6+ Kf7 50. Bh6 Kxg6 51. Re6+ Rf6 0-1

[Event "Chess24 Banter Blitz Cup"]
[Site "chess24.com INT"]
[Date "2020.04.06"]
[Round "5.15"]
[White "Narayanan, S.L."]
[Black "Iturrizaga Bonelli, Eduardo"]
[Result "1-0"]
[WhiteTitle "GM"]
[BlackTitle "GM"]
[WhiteElo "2611"]
[BlackElo "2629"]
[WhiteFideId "5058422"]
[BlackFideId "3901211"]
[EventDate "2019.09.25"]

1. d4 Nf6 2. Nf3 c5 3. d5 d6 4. Nc3 g6 5. e4 Bg7 6. Bb5+ Nfd7 7. a4 O-O 8. O-O
Na6 9. Re1 Nc7 10. Bf1 a6 11. Bf4 f6 12. a5 Rb8 13. Nd2 Ne5 14. Bxe5 fxe5 15.
Be2 Bd7 16. Bg4 Bh6 17. Nc4 Nb5 18. Nxb5 axb5 19. Nb6 Be8 20. Be6+ Kg7 21. g3
Rf6 22. h4 Qc7 23. b3 c4 24. b4 c3 25. Qd3 Bd2 26. Rf1 Rd8 27. Kg2 Bf7 28. Bxf7
Rxf7 29. Qxb5 h5 30. Qc4 Qb8 31. b5 Qa7 32. Qe2 Rdf8 33. f3 Rd8 34. Nc4 Qd4 35.
Rad1 Ra8 36. a6 bxa6 37. bxa6 Qc5 38. Nxd2 cxd2 39. Ra1 Qxc2 40. Rfd1 Qc3 41. a7
Qc5 42. Qxd2 Rxa7 43. Rdc1 Qb6 44. Rab1 Qa6 45. Qf2 Qa3 46. Rc8 Ra8 47. Rxa8
Qxa8 48. Re1 Qa3 49. Re3 Qa5 50. Qe2 Qd8 51. Rc3 Qf8 52. Qc2 Qb8 53. Rb3 Qa7 54.
Qb2 Qa6 55. f4 Qc4 56. Re3 Kh7 57. Qf2 exf4 58. gxf4 Qd4 59. Re2 Qf6 60. Kg3
Qc3+ 61. Re3 Qc4 62. Qf3 Qc1 63. Qf2 Qh1 64. Re1 Rxf4 65. Kxf4 Qh3 66. Rg1 Qc8
67. Qg3 Qf8+ 68. Ke3 Qh6+ 69. Qf4 Qg7 70. Rf1 Qc3+ 71. Kf2 Qc2+ 72. Kg3 Qc3+ 73.
Rf3 Qe1+ 74. Rf2 Qg1+ 75. Rg2 Qe1+ 76. Kh2 Kh8 77. Qf8+ Kh7 78. Qxe7+ Kh8 79.
Qf6+ Kh7 80. Qxg6+ 1-0

[Event "Chess24 Banter Blitz Cup"]
[Site "chess24.com INT"]
[Date "2020.04.07"]
[Round "6.5"]
[White "Carlsen, Magnus"]
[Black "Sjugirov, Sanan"]
[Result "1-0"]
[WhiteTitle "GM"]
[BlackTitle "GM"]
[WhiteElo "2876"]
[BlackElo "2662"]
[WhiteFideId "1503014"]
[BlackFideId "4189302"]
[EventDate "2019.09.25"]

1. d4 d5 2. Bf4 Nf6 3. Nc3 a6 4. e3 e6 5. g4 Bb4 6. Ne2 O-O 7. a3 Be7 8. g5 Nh5
9. h4 c5 10. Bxb8 Rxb8 11. dxc5 Bxc5 12. Nd4 Bxd4 13. Qxd4 g6 14. Be2 Ng7 15.
O-O-O Qc7 16. h5 b5 17. h6 Nf5 18. Qf6 Qe7 19. Qe5 Qd6 20. Qxd6 Nxd6 21. e4 b4
22. axb4 Rxb4 23. exd5 Bb7 24. dxe6 Bxh1 25. e7 Re8 26. Rxd6 Rb7 27. Bxa6 Rbxe7
28. b4 Re6 29. Rxe6 Rxe6 30. Bd3 Kf8 31. b5 Ke7 32. Kb2 Kd6 33. Kb3 Re5 34. f4
Re8 35. Kb4 Rf8 36. Na4 f6 37. c4 fxg5 38. c5+ Kd5 39. fxg5 Rf4+ 40. Ka5 Kd4 41.
Bxg6 hxg6 42. c6 Rf8 43. Nb6 Kc5 44. Nd7+ 1-0

[Event "Chess24 Banter Blitz Cup"]
[Site "chess24.com INT"]
[Date "2020.04.10"]
[Round "6.1"]
[White "Firouzja, Alireza"]
[Black "Narayanan, S.L."]
[Result "1-0"]
[WhiteTitle "GM"]
[BlackTitle "GM"]
[WhiteElo "2702"]
[BlackElo "2611"]
[WhiteFideId "12573981"]
[BlackFideId "5058422"]
[EventDate "2019.09.25"]

1. e4 c5 2. Nf3 d6 3. d4 cxd4 4. Nxd4 Nf6 5. Nc3 a6 6. Bg5 e6 7. f4 Qb6 8. Nb3
Nbd7 9. Qe2 Qc7 10. O-O-O b5 11. a3 Be7 12. g4 Rb8 13. Bh4 h6 14. Bg3 b4 15.
axb4 Rxb4 16. Bg2 Bb7 17. h4 Nc5 18. Nxc5 dxc5 19. e5 Nd7 20. f5 Qa5 21. Bxb7
Rxb7 22. fxe6 fxe6 23. Qe4 Qb4 24. Qg6+ Kd8 25. Qxe6 Qxb2+ 26. Kd2 Rb4 27. Bf2
Rf8 28. Be3 Rf3 29. Nd5 Rd4+ 30. Ke2 Rxe3+ 31. Nxe3 Qb5+ 32. Kf2 Qb7 33. Qf5 Qb4
34. Kf3 Qc3 35. Rd3 Qa5 36. Rhd1 Qb6 37. Rxd4 cxd4 38. e6 Nf6 39. Nd5 Qc6 40.
Rxd4 Bc5 41. Rd3 Ke8 42. c4 Qa4 43. Qg6+ Kf8 44. Qf7# 1-0

[Event "Chess24 Banter Blitz Cup"]
[Site "chess24.com INT"]
[Date "2020.04.10"]
[Round "6.2"]
[White "Narayanan, S.L."]
[Black "Firouzja, Alireza"]
[Result "0-1"]
[WhiteTitle "GM"]
[BlackTitle "GM"]
[WhiteElo "2611"]
[BlackElo "2702"]
[WhiteFideId "5058422"]
[BlackFideId "12573981"]
[EventDate "2019.09.25"]

1. d4 Nf6 2. c4 e6 3. Nf3 d5 4. Nc3 c5 5. cxd5 exd5 6. g3 Nc6 7. Bg2 cxd4 8.
Nxd4 Bc5 9. Nxc6 bxc6 10. Qc2 Bb6 11. Na4 O-O 12. Nxb6 axb6 13. O-O Bd7 14. b4
Re8 15. Be3 b5 16. Bd4 Qe7 17. e3 Qxb4 18. Bxf6 gxf6 19. Rfc1 Ra3 20. Qd1 Rea8
21. Qh5 Kg7 22. Bf1 Qd6 23. Bh3 Rxa2 24. Rxa2 Rxa2 25. Bf5 Bxf5 26. Qxf5 Ra4 27.
Qc8 Rc4 28. Ra1 Qe6 29. Qd8 Qe4 30. h4 b4 31. h5 h6 32. Qd7 Rc2 33. Rd1 Qf3 34.
Rf1 b3 35. Qb7 b2 36. Qb3 Qe4 0-1

[Event "Chess24 Banter Blitz Cup"]
[Site "chess24.com INT"]
[Date "2020.04.10"]
[Round "6.3"]
[White "Firouzja, Alireza"]
[Black "Narayanan, S.L."]
[Result "1/2-1/2"]
[WhiteTitle "GM"]
[BlackTitle "GM"]
[WhiteElo "2702"]
[BlackElo "2611"]
[WhiteFideId "12573981"]
[BlackFideId "5058422"]
[EventDate "2019.09.25"]

1. e4 e5 2. Nc3 Nc6 3. Bc4 Nf6 4. d3 Na5 5. Bb3 Be7 6. Nf3 d6 7. O-O O-O 8. d4
exd4 9. Qxd4 c5 10. Qd3 a6 11. Nd5 Nxb3 12. axb3 Nxd5 13. Qxd5 Qc7 14. Re1 Be6
15. Qh5 f6 16. Bf4 b5 17. Rad1 Qc6 18. Nh4 Rfd8 19. Nf5 Bf8 20. Qg4 Kh8 21. h3
Ra7 22. Nd4 Bxg4 23. Nxc6 Bxd1 24. Rxd1 Rad7 25. Nxd8 Rxd8 26. Ra1 Ra8 27. Bd2
Kg8 28. Kf1 Kf7 29. Ke2 Ke6 30. c4 b4 31. f4 g6 32. g4 f5 33. exf5+ gxf5 34. Kd3
Bg7 35. Re1+ Kf7 36. Bc1 a5 37. gxf5 a4 38. bxa4 Rxa4 39. Re6 Ra1 40. Be3 Bxb2
41. Kc2 Bf6 42. Rxd6 Ra2+ 43. Kd3 Ra3+ 44. Ke4 b3 45. Bxc5 b2 46. Rxf6+ Kxf6 47.
Bd4+ Kf7 48. Bxb2 Rxh3 49. Be5 Rh1 50. c5 Rc1 51. Kd5 h5 52. f6 h4 53. f5 h3 54.
c6 Rd1+ 55. Kc5 Rc1+ 56. Kd5 Rd1+ 57. Kc5 Re1 58. Kd5 Rc1 59. c7 Rc2 60. Kd6
Rd2+ 61. Kc6 Rc2+ 62. Kd7 Rd2+ 63. Bd6 Rc2 64. c8=Q Rxc8 65. Kxc8 Kxf6 66. Kd7
Kxf5 67. Bh2 Ke4 68. Ke6 Kf3 69. Kf5 Kg2 70. Be5 Kg1 71. Kg4 h2 72. Bxh2+ 1/2-1/2

[Event "Chess24 Banter Blitz Cup"]
[Site "chess24.com INT"]
[Date "2020.04.10"]
[Round "6.4"]
[White "Narayanan, S.L."]
[Black "Firouzja, Alireza"]
[Result "1-0"]
[WhiteTitle "GM"]
[BlackTitle "GM"]
[WhiteElo "2611"]
[BlackElo "2702"]
[WhiteFideId "5058422"]
[BlackFideId "12573981"]
[EventDate "2019.09.25"]

1. d4 Nf6 2. Nf3 d5 3. Bf4 e6 4. e3 Bd6 5. Ne5 c6 6. Nd2 Qc7 7. Bd3 Nbd7 8. Ndf3
Nh5 9. Nxf7 Nxf4 10. Nxd6+ Qxd6 11. exf4 Qxf4 12. O-O O-O 13. Qe2 Nf6 14. c3 Bd7
15. Ne5 Rae8 16. Rae1 Bc8 17. g3 Qh6 18. f4 g6 19. b4 Qg7 20. a4 Qc7 21. a5 b6
22. axb6 axb6 23. Qe3 Re7 24. Ra1 Bb7 25. Ra7 Ra8 26. Rfa1 Rxa7 27. Rxa7 Qc8 28.
Ba6 Kf8 29. Bd3 Qb8 30. Ra1 Kg7 31. g4 Qc7 32. Rf1 Bc8 33. f5 exf5 34. gxf5 Qd6
35. fxg6 hxg6 36. Qg5 Ne4 37. Bxe4 dxe4 38. Rf4 e3 39. Rh4 Bf5 40. Qh6+ Kf6 41.
Qf8+ Ke6 42. Qc8+ Kf6 43. Qf8+ Ke6 44. Qg8+ Kf6 45. Rf4 Ra7 46. Qxg6+ Ke7 47.
Qg7+ Ke6 48. Qh6+ Kd5 49. Qxd6+ Kxd6 50. Rxf5 Kd5 51. Ng4+ Ke4 52. Nxe3 Kd3 53.
Rf6 Kxe3 54. Rxc6 Kf3 55. Rf6+ Kg4 56. Rxb6 Kf3 57. Rf6+ Kg4 58. Kf2 Re7 59. d5
Kg5 60. Rf3 Rc7 61. Rg3+ Kf5 62. Rd3 Ke5 63. d6 Rf7+ 64. Ke2 Rd7 65. c4 Ke6 66.
c5 Rf7 67. c6 Rf5 68. d7 Re5+ 69. Re3 1-0

[Event "Chess24 Banter Blitz Cup"]
[Site "chess24.com INT"]
[Date "2020.04.10"]
[Round "6.5"]
[White "Firouzja, Alireza"]
[Black "Narayanan, S.L."]
[Result "1-0"]
[WhiteTitle "GM"]
[BlackTitle "GM"]
[WhiteElo "2702"]
[BlackElo "2611"]
[WhiteFideId "12573981"]
[BlackFideId "5058422"]
[EventDate "2019.09.25"]

1. e4 e5 2. Nc3 Nf6 3. Bc4 Bc5 4. d3 d6 5. f4 c6 6. Nf3 Nbd7 7. Bb3 a5 8. a4 Bb6
9. Qe2 Qe7 10. f5 h6 11. Be3 Bxe3 12. Qxe3 Nc5 13. Bc4 O-O 14. O-O Rd8 15. Ba2
Na6 16. Rae1 Nb4 17. Bb3 b5 18. Kh1 Ba6 19. Rg1 Ng4 20. Qd2 bxa4 21. Bxa4 Qa7
22. Nd1 d5 23. h3 dxe4 24. Rxe4 Nf6 25. Rxe5 c5 26. Rge1 Qb6 27. Nc3 Nc6 28.
Bxc6 Qxc6 29. Qe3 Rac8 30. b3 Bb7 31. Na4 Nd5 32. Qf2 Qd6 33. Qg3 Nf6 34. Kh2
Kh7 35. R5e3 Qd5 36. Re5 Qd6 37. Re7 Qxg3+ 38. Kxg3 Bxf3 39. Kxf3 Kg8 40. R7e5
Nd5 41. R1e4 Nb4 42. Rc4 Nc6 43. Rexc5 Nd4+ 44. Ke4 Rxc5 45. Nxc5 Ne2 46. d4
Re8+ 47. Kf3 h5 48. Nd3 h4 49. d5 Ng3 50. Rxh4 Nxf5 51. Re4 Rd8 52. c4 Rb8 53.
Nc5 Rc8 54. Nd7 Nd6 55. Rd4 a4 56. c5 axb3 57. cxd6 Rc3+ 58. Ke2 b2 59. Rb4 Rc2+
60. Kf3 Rxg2 61. Kxg2 1-0

[Event "Chess24 Banter Blitz Cup"]
[Site "chess24.com INT"]
[Date "2020.04.10"]
[Round "6.6"]
[White "Narayanan, S.L."]
[Black "Firouzja, Alireza"]
[Result "1/2-1/2"]
[WhiteTitle "GM"]
[BlackTitle "GM"]
[WhiteElo "2611"]
[BlackElo "2702"]
[WhiteFideId "5058422"]
[BlackFideId "12573981"]
[EventDate "2019.09.25"]

1. d4 Nf6 2. Nf3 e6 3. Bf4 c5 4. e3 Nc6 5. c3 d5 6. Nbd2 Bd6 7. Bg3 O-O 8. Bb5
Be7 9. Bd3 b6 10. Qe2 Bb7 11. Rd1 Rc8 12. a3 h6 13. Ne5 Nxe5 14. Bxe5 Bd6 15. f4
Ne8 16. O-O f6 17. Qg4 Qe7 18. Qg6 f5 19. Rf3 Qf7 20. Qg3 Rd8 21. Qh3 Nf6 22.
Bxf6 Qxf6 23. g4 Bc8 24. gxf5 exf5 25. Kf2 g5 26. fxg5 hxg5 27. Rg1 Kg7 28. Qh5
Be7 29. h4 Rh8 30. Qxg5+ Qxg5 31. hxg5 Rh2+ 32. Ke1 Rf8 33. Rf2 Rxf2 34. Kxf2 f4
35. Nf3 Bd6 36. e4 dxe4 37. Bxe4 Re8 38. Re1 Bg4 39. Nh4 cxd4 40. cxd4 b5 41.
Bf5 Rxe1 42. Kxe1 Bh5 43. Bd3 Bc7 44. Bxb5 Bd8 45. Nf5+ Kg6 46. Be8+ Kxf5 47.
Bxh5 Kxg5 48. Bf3 Bf6 49. Ke2 Bxd4 50. b3 Bb2 51. a4 Ba3 52. Kd3 Bb4 53. Ke4 a5
54. Be2 Bd2 55. Kf3 Bb4 56. Bc4 Bd2 57. Bd5 Bb4 58. Bc4 Bd2 59. Bd5 Bb4 60. Bc4 1/2-1/2